| 000 | 00680nam a22002177a 4500 | ||
|---|---|---|---|
| 999 |
_c5391 _d5391 |
||
| 003 | AR-CdUCM | ||
| 008 | 190312b ||||| |||| 00| 0 spa d | ||
| 040 |
_aMUNICIPALIDAD PROVINCIAL DEL CUSCO _cBIBLIOTECA MUNICIPAL DEL CUSCO |
||
| 082 |
_a869.008 / _bC92 |
||
| 100 |
_aCruz, Jorge _916253 |
||
| 245 | _aGenio y figura de Florencio Sánchez / | ||
| 260 |
_aBuenos Aires : _bUniversitaria, _c1966. |
||
| 300 |
_a191 páginas ; _c18 cm. |
||
| 440 |
_aColección genio y figura _n10 _916254 |
||
| 500 | _aDonación familia Nieto | ||
| 650 |
_aUruguay _92511 |
||
| 650 |
_aLiteratura _983 |
||
| 650 |
_aFlorencio Sanchez - dramaturgo _916255 |
||
| 942 |
_2ddc _cLIBROS |
||
| 945 | _aafb | ||